<?xml version="1.0" encoding="UTF-8"?>
<record
    xmlns:xsi="http://www.w3.org/2001/XMLSchema-instance"
    xsi:schemaLocation="http://www.loc.gov/MARC21/slim http://www.loc.gov/standards/marcxml/schema/MARC21slim.xsd"
    xmlns="http://www.loc.gov/MARC21/slim">

  <leader>00967nam a2200265 ia4500</leader>
  <controlfield tag="005">20240814123925.0</controlfield>
  <controlfield tag="008">240814s2024    my ao  jr     000 0 may d</controlfield>
  <datafield tag="020" ind1=" " ind2=" ">
    <subfield code="a">9789672966586</subfield>
    <subfield code="c">RM46.50</subfield>
    <subfield code="q">paperback </subfield>
  </datafield>
  <datafield tag="040" ind1=" " ind2=" ">
    <subfield code="a">PPAK </subfield>
    <subfield code="b">eng</subfield>
    <subfield code="c">PPAK </subfield>
    <subfield code="e">rda </subfield>
  </datafield>
  <datafield tag="082" ind1="0" ind2="4">
    <subfield code="2">23</subfield>
    <subfield code="a">909</subfield>
  </datafield>
  <datafield tag="090" ind1="0" ind2="0">
    <subfield code="a">909 </subfield>
    <subfield code="b">SYE </subfield>
    <subfield code="d">K </subfield>
  </datafield>
  <datafield tag="100" ind1="0" ind2=" ">
    <subfield code="a">Syed Mahadzir Syed Ibrahim, </subfield>
    <subfield code="d">1961-</subfield>
    <subfield code="e">author. </subfield>
  </datafield>
  <datafield tag="245" ind1="1" ind2="0">
    <subfield code="a">KISAH BARBAROSSA, SI JANGGUT MERAH /</subfield>
    <subfield code="c">SYED MAHADZIR SYED IBRAHIM</subfield>
  </datafield>
  <datafield tag="264" ind1=" " ind2="1">
    <subfield code="a">Cheras, Kuala Lumpur : </subfield>
    <subfield code="b">PENERBIT MINDA TEGUH, </subfield>
    <subfield code="c">[2024?]</subfield>
  </datafield>
  <datafield tag="300" ind1=" " ind2=" ">
    <subfield code="a">56 pages : </subfield>
    <subfield code="b">colour illustrations, colour photographs ; </subfield>
    <subfield code="c">26 cm.</subfield>
  </datafield>
  <datafield tag="336" ind1=" " ind2=" ">
    <subfield code="a">text</subfield>
    <subfield code="2">rdacontent</subfield>
  </datafield>
  <datafield tag="337" ind1=" " ind2=" ">
    <subfield code="a">unmediated</subfield>
    <subfield code="2">rdamedia</subfield>
  </datafield>
  <datafield tag="338" ind1=" " ind2=" ">
    <subfield code="a">volume</subfield>
    <subfield code="2">rdacarrier</subfield>
  </datafield>
  <datafield tag="490" ind1="1" ind2=" ">
    <subfield code="a">SIRI FAKTA SEJARAH DI DUNIA </subfield>
  </datafield>
  <datafield tag="504" ind1=" " ind2=" ">
    <subfield code="a">Bibliography: pages 54-56</subfield>
  </datafield>
  <datafield tag="650" ind1="1" ind2="0">
    <subfield code="a">World history</subfield>
    <subfield code="x">Juvenile literature</subfield>
  </datafield>
  <datafield tag="650" ind1="2" ind2="0">
    <subfield code="a">History, Ancient</subfield>
    <subfield code="x">Juvenile literature</subfield>
  </datafield>
  <datafield tag="830" ind1=" " ind2="0">
    <subfield code="a">Siri fakta sejarah di dunia</subfield>
  </datafield>
  <datafield tag="942" ind1=" " ind2=" ">
    <subfield code="2">ddc</subfield>
    <subfield code="c">B</subfield>
  </datafield>
  <datafield tag="999" ind1=" " ind2=" ">
    <subfield code="c">196575</subfield>
    <subfield code="d">196575</subfield>
  </datafield>
  <datafield tag="952" ind1=" " ind2=" ">
    <subfield code="0">0</subfield>
    <subfield code="7">0</subfield>
    <subfield code="b">PPAK</subfield>
    <subfield code="c">K</subfield>
    <subfield code="d">2024-08-18</subfield>
    <subfield code="l">0</subfield>
    <subfield code="o">K 909 SYE</subfield>
    <subfield code="p">A01835884</subfield>
    <subfield code="r">2024-08-18 11:59:27</subfield>
    <subfield code="y">B</subfield>
  </datafield>
  <datafield tag="952" ind1=" " ind2=" ">
    <subfield code="0">0</subfield>
    <subfield code="7">0</subfield>
    <subfield code="b">SP</subfield>
    <subfield code="c">K</subfield>
    <subfield code="d">2024-08-18</subfield>
    <subfield code="l">0</subfield>
    <subfield code="o">K 909 SYE</subfield>
    <subfield code="p">A01835885</subfield>
    <subfield code="r">2024-08-18 11:59:27</subfield>
    <subfield code="y">B</subfield>
  </datafield>
  <datafield tag="952" ind1=" " ind2=" ">
    <subfield code="0">0</subfield>
    <subfield code="7">0</subfield>
    <subfield code="b">JT</subfield>
    <subfield code="c">K</subfield>
    <subfield code="d">2024-08-18</subfield>
    <subfield code="l">2</subfield>
    <subfield code="m">1</subfield>
    <subfield code="o">K 909 SYE</subfield>
    <subfield code="p">A01835886</subfield>
    <subfield code="r">2025-02-19 15:07:45</subfield>
    <subfield code="s">2025-02-19</subfield>
    <subfield code="y">B</subfield>
  </datafield>
  <datafield tag="952" ind1=" " ind2=" ">
    <subfield code="0">0</subfield>
    <subfield code="7">0</subfield>
    <subfield code="b">LW</subfield>
    <subfield code="c">K</subfield>
    <subfield code="d">2024-08-18</subfield>
    <subfield code="l">0</subfield>
    <subfield code="o">K 909 SYE</subfield>
    <subfield code="p">A01835887</subfield>
    <subfield code="r">2024-08-18 11:59:27</subfield>
    <subfield code="y">B</subfield>
  </datafield>
  <datafield tag="952" ind1=" " ind2=" ">
    <subfield code="0">0</subfield>
    <subfield code="7">0</subfield>
    <subfield code="b">KM</subfield>
    <subfield code="c">K</subfield>
    <subfield code="d">2024-08-18</subfield>
    <subfield code="l">0</subfield>
    <subfield code="o">K 909 SYE</subfield>
    <subfield code="p">A01835888</subfield>
    <subfield code="r">2024-08-18 11:59:27</subfield>
    <subfield code="y">B</subfield>
  </datafield>
  <datafield tag="952" ind1=" " ind2=" ">
    <subfield code="0">0</subfield>
    <subfield code="7">0</subfield>
    <subfield code="b">BL</subfield>
    <subfield code="c">K</subfield>
    <subfield code="d">2024-08-18</subfield>
    <subfield code="l">0</subfield>
    <subfield code="o">K 909 SYE</subfield>
    <subfield code="p">A01835889</subfield>
    <subfield code="r">2024-08-18 11:59:27</subfield>
    <subfield code="y">B</subfield>
  </datafield>
  <datafield tag="952" ind1=" " ind2=" ">
    <subfield code="0">0</subfield>
    <subfield code="7">0</subfield>
    <subfield code="b">BB</subfield>
    <subfield code="c">K</subfield>
    <subfield code="d">2024-08-18</subfield>
    <subfield code="l">0</subfield>
    <subfield code="o">K 909 SYE</subfield>
    <subfield code="p">A01835890</subfield>
    <subfield code="r">2024-08-18 11:59:27</subfield>
    <subfield code="y">B</subfield>
  </datafield>
  <datafield tag="952" ind1=" " ind2=" ">
    <subfield code="0">0</subfield>
    <subfield code="7">0</subfield>
    <subfield code="b">MR</subfield>
    <subfield code="c">K</subfield>
    <subfield code="d">2024-08-18</subfield>
    <subfield code="l">0</subfield>
    <subfield code="o">K 909 SYE</subfield>
    <subfield code="p">A01835891</subfield>
    <subfield code="r">2024-08-18 11:59:27</subfield>
    <subfield code="y">B</subfield>
  </datafield>
  <datafield tag="952" ind1=" " ind2=" ">
    <subfield code="0">0</subfield>
    <subfield code="7">0</subfield>
    <subfield code="b">YN</subfield>
    <subfield code="c">K</subfield>
    <subfield code="d">2024-08-18</subfield>
    <subfield code="l">0</subfield>
    <subfield code="o">K 909 SYE</subfield>
    <subfield code="p">A01835892</subfield>
    <subfield code="r">2024-08-18 11:59:27</subfield>
    <subfield code="y">B</subfield>
  </datafield>
  <datafield tag="952" ind1=" " ind2=" ">
    <subfield code="0">0</subfield>
    <subfield code="7">0</subfield>
    <subfield code="b">SK</subfield>
    <subfield code="c">K</subfield>
    <subfield code="d">2024-08-18</subfield>
    <subfield code="l">0</subfield>
    <subfield code="o">K 909 SYE</subfield>
    <subfield code="p">A01835893</subfield>
    <subfield code="r">2024-08-18 11:59:27</subfield>
    <subfield code="y">B</subfield>
  </datafield>
  <datafield tag="952" ind1=" " ind2=" ">
    <subfield code="0">0</subfield>
    <subfield code="7">0</subfield>
    <subfield code="b">KN</subfield>
    <subfield code="c">K</subfield>
    <subfield code="d">2024-08-18</subfield>
    <subfield code="l">0</subfield>
    <subfield code="o">K 909 SYE</subfield>
    <subfield code="p">A01835894</subfield>
    <subfield code="r">2024-08-18 11:59:27</subfield>
    <subfield code="y">B</subfield>
  </datafield>
  <datafield tag="952" ind1=" " ind2=" ">
    <subfield code="0">0</subfield>
    <subfield code="7">0</subfield>
    <subfield code="b">PG</subfield>
    <subfield code="c">K</subfield>
    <subfield code="d">2024-08-18</subfield>
    <subfield code="l">0</subfield>
    <subfield code="o">K 909 SYE</subfield>
    <subfield code="p">A01835895</subfield>
    <subfield code="r">2024-08-18 11:59:27</subfield>
    <subfield code="y">B</subfield>
  </datafield>
  <datafield tag="952" ind1=" " ind2=" ">
    <subfield code="0">0</subfield>
    <subfield code="7">0</subfield>
    <subfield code="b">B3</subfield>
    <subfield code="c">K</subfield>
    <subfield code="d">2024-08-18</subfield>
    <subfield code="l">0</subfield>
    <subfield code="o">K 909 SYE</subfield>
    <subfield code="p">A01835897</subfield>
    <subfield code="r">2024-08-18 11:59:27</subfield>
    <subfield code="y">B</subfield>
  </datafield>
  <datafield tag="952" ind1=" " ind2=" ">
    <subfield code="0">0</subfield>
    <subfield code="7">0</subfield>
    <subfield code="b">B4</subfield>
    <subfield code="c">K</subfield>
    <subfield code="d">2024-08-18</subfield>
    <subfield code="l">0</subfield>
    <subfield code="o">K 909 SYE</subfield>
    <subfield code="p">A01835898</subfield>
    <subfield code="r">2024-08-18 11:59:27</subfield>
    <subfield code="y">B</subfield>
  </datafield>
  <datafield tag="952" ind1=" " ind2=" ">
    <subfield code="0">0</subfield>
    <subfield code="7">0</subfield>
    <subfield code="b">B5</subfield>
    <subfield code="c">K</subfield>
    <subfield code="d">2024-08-18</subfield>
    <subfield code="l">0</subfield>
    <subfield code="o">K 909 SYE</subfield>
    <subfield code="p">A01835899</subfield>
    <subfield code="r">2024-08-18 11:59:27</subfield>
    <subfield code="y">B</subfield>
  </datafield>
</record>
